00381nam a2200133Ia 4500008004100000041001200041082002100053100003300074245004300107260003700150300000700187500002900194650002400223231221s9999 xx 000 0 und d aEnglish a372.83 SHA;1 R aSharma, B L. Maheshwari, V K 0aLesson plan teaching of social studies c2007bR, Call Book DepotaMeerut a78 aTransfered to SSM School aLesson,plan,biology